Complications in head and neck surgery (Record no. 28422)

MARC details
000 -LEADER
fixed length control field 00407nam a2200145Ia 4500
020 ## - INTERNATIONAL STANDARD BOOK NUMBER
ISBN 0721629806
050 ## - CALL MARK
Classification number RD 521 .C64/
245 #0 - TITLE STATEMENT
Title Complications in head and neck surgery
260 ## - PUBLICATION, DISTRIBUTION, ETC. (IMPRINT)
Year of publication 1993
300 ## - PHYSICAL DESCRIPTION
Number of Pages 582 p
650 ## - SUBJECT ADDED ENTRY--TOPICAL TERM
Topical Term Head surgery Neck surgery Intraoperative complication Postoperative complication
942 ## - ADDED ENTRY ELEMENTS (KOHA)
Koha item type Books
Holdings
Withdrawn status Lost status Source of classification or shelving scheme Damaged status Not for loan Permanent Location Current Location Date acquired Accession Number Price effective from Koha item type
    Library of Congress Classification     NILE UNIVERSITY OF NIGERIA - MAIN LIBRARY NILE UNIVERSITY OF NIGERIA - MAIN LIBRARY 04/23/2025 0184506 04/23/2025 Books